Αναγκαιότητα πιστοποιημένων εσωτερικών ελεγκτών στην Ελλάδα : μεταπτυχιακή διατριβή

Αποθηκεύτηκε σε:
Λεπτομέρειες βιβλιογραφικής εγγραφής
Κύριος συγγραφέας: Ράλλης, Ρετέλας Π.
Συγγραφή απο Οργανισμό/Αρχή: Πανεπιστήμιο Αιγαίου Σχολή Επιστημών της Διοίκησης Τμήμα Διοίκησης Επιχειρήσεων Πρόγραμμα Μεταπτυχιακών Σπουδών στη Διοίκηση Επιχειρήσεων - M.B.A
Άλλοι συγγραφείς: Μπεκιάρης, Μιχάλης (Εισηγητής διατριβής)
Μορφή: Thesis Βιβλίο
Γλώσσα:Greek
Δημοσίευση: 2013
Θέματα:
Διαθέσιμο Online:http://hdl.handle.net/11610/13617
Ετικέτες: Προσθήκη ετικέτας
Δεν υπάρχουν, Καταχωρήστε ετικέτα πρώτοι!

MARC

LEADER 00000cam a2200000 i 4500
001 1/49438
008 140617s2013 gre d
035 |l 10117994 
040 |a GR-MY-UA  |b gre  |e aacr 
041 0 |a gre 
082 0 |a 657.458  |2 (23) 
100 0 |a Ράλλης, Ρετέλας Π. 
245 1 0 |a Αναγκαιότητα πιστοποιημένων εσωτερικών ελεγκτών στην Ελλάδα :  |b μεταπτυχιακή διατριβή /  |c Ράλλης Π. Ρετέλας ; επιβλέπων: Μιχαήλ Μπεκιάρης 
260 |c 2013 
300 |a 65 σ.;  |b πίν., διαγρ.;  |c 30 εκ. 
502 # # |a Διατριβή (μεταπτυχιακή) – Πανεπιστήμιο Αιγαίου, Χίος, 2013. 
504 |a Βιβλιογραφία: σ.43-45 
650 0 0 |a Auditing, Internal  |z Greece. 
650 0 0 |a Auditors  |x Certification  |z Greece. 
650 0 0 |a Employee motivation  |z Greece. 
650 0 0 |a Dissertations, Academic  |z Greece. 
700 0 |4 ths  |a Μπεκιάρης, Μιχάλης. 
710 1 |a Πανεπιστήμιο Αιγαίου  |b Σχολή Επιστημών της Διοίκησης  |b Τμήμα Διοίκησης Επιχειρήσεων  |b Πρόγραμμα Μεταπτυχιακών Σπουδών στη Διοίκηση Επιχειρήσεων - M.B.A. 
852 |a INST  |b CHIOS  |c DIATR  |e 20140616  |h 657.458 ΡΕΤ  |p 005200036662  |q 005200036662  |t MTXE  |y 23 
852 |a INST  |b CHIOS  |c DIATR  |e 20140616  |h 657.458 ΡΕΤ  |p 005200036663  |q 005200036663  |t MTXE  |y 23 
856 |u http://hdl.handle.net/11610/13617 
901 |a BIBL2-2014-2 
909 |a Χ  |b 175800 
909 |a Χ  |b 175799 
924 |a ΡΕΤΕΛΑΣ  |b ΡΑΛΛΗΣ Π.  |y ΧΙΟΣ  |z 2013-06 
970 |a ΣΑΛΑΜΟΥΡΑ  |b ΜΑΡΙΑ  |z 2014/06/17